LEADER 00949nam0-22003131i-450- 001 990000710670403321 005 20160407113005.0 035 $a000071067 035 $aFED01000071067 035 $a(Aleph)000071067FED01 035 $a000071067 100 $a20020821d1975----km-y0itay50------ba 101 0 $aita 102 $aIT 105 $ay-------001yy 200 1 $a<>Stato giuridico e la carriera degli impiegati civili dello Stato$elegislazione giurisprudenza-commento 210 $aNapoli$cCasa Ed. Eugenio Jovene$d1975 215 $aL, 896 p.$d24 cm 700 1$aBennati,$bAntonio$07326 702 1$aDi Giambattista,$bEmidio 801 0$aIT$bUNINA$gRICA$2UNIMARC 901 $aBK 912 $a990000710670403321 952 $aDPR 29-178$b5702$fDEC 952 $aCONS B 82$b10809$fFARBC 959 $aDEC 959 $aFARBC 996 $aStato giuridico e la carriera degli impiegati civili dello Stato$9324266 997 $aUNINA LEADER 01146nam a22002651i 4500 001 991002261749707536 005 20040223225435.0 008 040407s1961 fr |||||||||||||||||fre 035 $ab12895684-39ule_inst 035 $aARCHE-087530$9ExL 040 $aDip.to Filologia Class. e Scienze Filosofiche$bita$cA.t.i. Arché s.c.r.l. Pandora Sicilia s.r.l. 082 04$a091 245 00$aRecherches de papyrologie.$n1 /$c[scritti diAndré Bataille ... et al.] 260 $aParis :$bPresses universitaires de France,$c1961 300 $a120 p., 6 carte di tav. ripieg. :$bill. ;$c31 cm 440 0$aPublications de la Faculté des lettres et sciences humaines de Paris.$pSérie Recherches ;$v1 440 0$aTravaux de l'Institut de papyrologie de Paris ;$v1 650 4$aPapirologia 700 1 $aBataille, André 907 $a.b12895684$b02-04-14$c16-04-04 912 $a991002261749707536 945 $aLE007 091 REC 01.01 $cv. 1$g1$i2007000068021$lle007$o-$pE0.00$q-$rl$s- $t0$u0$v0$w0$x0$y.i13460353$z16-04-04 996 $aRecherches de papyrologie$9263356 997 $aUNISALENTO 998 $ale007$b16-04-04$cm$da $e-$ffre$gfr $h0$i1 LEADER 03658nam 2200865 450 001 9910792923203321 005 20171207182348.0 010 $a1-78533-567-7 024 7 $a10.1515/9781785335679 035 $a(CKB)3710000001400471 035 $a(MiAaPQ)EBC4770778 035 $a(DE-B1597)636172 035 $a(DE-B1597)9781785335679 035 $a(EXLCZ)993710000001400471 100 $a20170705h20172017 uy 0 101 0 $aeng 135 $aurcnu|||||||| 181 $2rdacontent 182 $2rdamedia 183 $2rdacarrier 200 10$aOrganic cinema $efilm, architecture, and the work of Be?la Tarr /$fThorsten Botz-Bornstein 210 1$aNew York ;$aOxford, [England] :$cBerghahn Books,$d2017. 210 4$d©2017 215 $a1 online resource (221 pages) $cillustrations 311 $a1-78533-566-9 320 $aIncludes bibliographical references and index. 327 $tFrontmatter -- $tContents -- $tList of Illustrations -- $tIntroduction -- $tCHAPTER 1 Cinema, Architecture, Literature -- $tCHAPTER 2 Central Europe -- $tCHAPTER 3 What Is ?Organic?? -- $tCHAPTER 4 The Melancholy of Evolution -- $tCHAPTER 5 Where Is the Center? -- $tCHAPTER 6 Modernism and Postmodernism -- $tCHAPTER 7 Organic Harmonies -- $tCHAPTER 8 Back to Humanism? -- $tCHAPTER 9 Politics of Harmony -- $tCHAPTER 10 The Spiritual -- $tCHAPTER 11 Organic Places -- $tCHAPTER 12 The Organic Camera Shot -- $tConclusion -- $tBibliography -- $tIndex 330 $aThe ?organic? is by now a venerable concept within aesthetics, architecture, and art history, but what might such a term mean within the spatialities and temporalities of film? By way of an answer, this concise and innovative study locates organicity in the work of Béla Tarr, the renowned Hungarian filmmaker and pioneer of the ?slow cinema? movement. Through a wholly original analysis of the long take and other signature features of Tarr?s work, author Thorsten Botz-Bornstein establishes compelling links between the seemingly remote spheres of film and architecture, revealing shared organic principles that emphasize the transcendence of boundaries. 606 $aTarr, Baela$xCriticism and interpretation 606 $aPERFORMING ARTS / Film & Video / History & Criticism$2bisacsh 610 $a20th century. 610 $aaesthetics. 610 $aarchitects. 610 $aarchitecture. 610 $aart. 610 $aartists. 610 $abeauty. 610 $abela tarr. 610 $abuildings. 610 $acareer. 610 $acinema. 610 $adesign. 610 $aengaging. 610 $afilm analysis. 610 $afilm criticism. 610 $afilm school. 610 $afilm studies. 610 $afilmmaking. 610 $ahistory criticism. 610 $ahistory. 610 $ahungarian filmmaker. 610 $ainnovative study. 610 $along take. 610 $aorganic principles. 610 $aorganic. 610 $aoriginal analysis. 610 $apage turner. 610 $aperforming arts. 610 $aphilosophy. 610 $arealistic. 610 $ascience and math. 610 $aslow cinema movement. 610 $atheater. 610 $avenerable concept. 615 0$aTarr, Baela$xCriticism and interpretation. 615 7$aPERFORMING ARTS / Film & Video / History & Criticism. 676 $a791.4302/33092 700 $aBotz-Bornstein$b Thorsten$0901351 801 0$bMiAaPQ 801 1$bMiAaPQ 801 2$bMiAaPQ 906 $aBOOK 912 $a9910792923203321 996 $aOrganic cinema$93820098 997 $aUNINA LEADER 04807nam 22006013u 450 001 9910961206703321 005 20240314031420.0 010 $a9781118607817 010 $a1118607813 010 $a9781118607985 010 $a1118607988 035 $a(CKB)2550000001111785 035 $a(EBL)1343441 035 $a(OCoLC)855970109 035 $a(MiAaPQ)EBC1343441 035 $a(Perlego)999898 035 $a(EXLCZ)992550000001111785 100 $a20140210d2013 uy 0 101 0 $aeng 135 $aurcn||||||||| 181 $ctxt$2rdacontent 182 $cc$2rdamedia 183 $acr$2rdacarrier 200 10$a50 great myths about atheism /$fRussell Blackford, Udo Schu?klenk 205 $a1st ed. 210 $aHoboken $cJohn Wiley$d2013 215 $a1 online resource (vii, 274 pages) $cillustrations 300 $aDescription based upon print version of record. 311 08$a9780470674055 311 08$a0470674059 311 08$a9781299804265 311 08$a1299804268 320 $aIncludes bibliographical references and index. 327 $aWhat is Atheism? -- Why Bother About Myths? -- Drawing the Lines -- Do These Myths Actually Exist? -- How Did We Decide What Myths are Worth Investigating? -- Are We Picking Easy Targets? -- Have We Defeated Theism? -- Myth 1 Atheism is Just Another Type of Religion -- Myth 2 But the Courts Recognize Atheism as a Religion -- Myth 3 Atheists Believe in God but are in Denial -- Myth 4 Atheists are Certain There is No God -- Myth 5 Atheists Hate or are Angry with God -- 327 $aMyth 6 Atheism is a Rebellion Against God's Authority -- Myth 7 Atheists See No Good in Religion -- Myth 8 No Atheist Believes in Anything Supernatural -- Myth 9 It Makes No Sense for an Atheist to Practice Any Kind of Religion -- Myth 10 Atheists Worship False Gods (Satan, Money, Materialism, etc.) -- Myth 11 Atheism Robs Life of Meaning and Purpose -- Myth 12 Atheism is Depressing -- Myth 13 Atheists Have No Sense of Humor -- Myth 14 Atheists Don't Appreciate Some of the Greatest Works of Art -- Myth 15 There is no Christmas in Atheist Families -- 327 $aMyth 16 Atheists Don't Appreciate the Beauty and Perfection of God's Creation -- Myth 17 Atheists Fear Death (More than Others) -- Myth 18 Atheists Turn to God When Death is Near -- Myth 19 There are no Atheists in Foxholes -- Myth 20 Without God There is No Morality -- Myth 21 Atheists are Moral Relativists -- Myth 22 Atheists Don't Give to Charity -- Myth 23 Atheists Deny the Sanctity of Human Life -- Myth 24 If There is No God We are Soulless Creatures -- Myth 25 Atheists are all Communists, Left-Wing, Liberal... -- 327 $aMyth 26 Atheists Can't be Trusted-- Myth 27 Many Atrocities Have Been Committed in the Name of Atheism -- Myth 28 Adolf Hitler was an Atheist -- Myth 29 Atheists Give a Free Pass to Non-Christian Religions -- Myth 30 Atheists are Arrogant -- Myth 31 Atheists are Intolerant -- Myth 32 Atheists Want to Ban Teaching Religion to Children -- Myth 33 Atheists Want to Strip People of their Beliefs -- Myth 34 Atheists Want to Ban Religion from the Public Square -- Myth 35 Atheists Don't Understand Moderate Religion -- 327 $aMyth 36 We Should Fear a "Fundamentalist'' or "Militant'' Atheism -- Myth 37 Atheists are to Blame for Religious Fundamentalism -- Myth 38 Atheists Don't Understand the Nature of Faith -- Myth 39 Atheism Depends on Faith, Just the Same as Religion -- Myth 40 Atheism is Self-refuting, as Rational Argument Presumes the Existence of God -- Myth 41 There is No Conflict Between Religion and Science -- Myth 42 Atheists Confuse Two Forms of Naturalism -- Myth 43 Atheism Implies Scientism -- Myth 44 Evolutionary Theory is a Form of Atheistic Religion -- Myth 45 Albert Einstein Professed a Belief in God 330 $aTackling a host of myths and prejudices commonly leveled at atheism, this captivating volume bursts with sparkling, eloquent arguments on every page. The authors rebut claims that range from atheism being just another religion to the alleged atrocities committed in its name.An accessible yet scholarly commentary on hot-button issues in the debate over religious beliefTeaches critical thinking skills through detailed, rational argumentObjectively considers each myth on its meritsIncludes a history of atheism and its advocates, an appendix detailing 606 $aAtheism$vMiscellanea 606 $aAtheism 615 0$aAtheism 615 0$aAtheism. 676 $a211.8 700 $aBlackford$b Russell$f1954-$01619433 701 $aSchu?klenk$b Udo$0888960 801 0$bAU-PeEL 801 1$bAU-PeEL 801 2$bAU-PeEL 906 $aBOOK 912 $a9910961206703321 996 $a50 great myths about atheism$94366374 997 $aUNINA